000 00614nam a2200181Ia 4500
008 090124s9999 xx 000 0 und d
082 _b28342
100 _aकुलकर्णी शे. रा.
245 _a विश्र्वज्ञान-बोध
250 _a1
260 _bपरिमल प्रकाशन
_c1989
300 _a392
600 _aकुलकर्णी शे. रा.
630 _a विश्र्वज्ञान-बोध
700 _aकुलकर्णी शे. रा.
730 _a विश्र्वज्ञान-बोध
942 _cBOOK
999 _c106432
_d106432